Family Album, U.S.A: Book 2

Na minha lista:
Detalhes bibliográficos
Autor principal: Nguyễn Quốc Hùng
Formato: Livro
Idioma:Undetermined
Publicado em: H. Văn Hoá 1997
Assuntos:
Tags: Adicionar Tag
Sem tags, seja o primeiro a adicionar uma tag!
Thư viện lưu trữ: Trung tâm Học liệu Trường Đại học Cần Thơ
LEADER 00509nam a2200181Ia 4500
001 CTU_53347
008 210402s9999 xx 000 0 und d
082 |a 428.24 
082 |b H513/T2 
100 |a Nguyễn Quốc Hùng 
245 0 |a Family Album, U.S.A: Book 2 
245 0 |c Nguyễn Quốc Hùng 
260 |a H. 
260 |b Văn Hoá 
260 |c 1997 
650 |a english language 
650 |x textbooks for foreign speakers 
980 |a Trung tâm Học liệu Trường Đại học Cần Thơ